000
00248 a2200109 4500
020
_a
9788425520556
041
_a
spa
100
_a
Victor Fernandez
245
_a
Autoproteccion defensa personal familiar y del hogar
942
_c
BK
999
_c
18306
_d
18306
999
_d
18306